Dates - Les révolutions de 1830 - Statistiques

Statistiques générales
  • Ce quiz a été pris 29 fois
  • Le résultat moyen est 9 sur 31
Statistiques - réponses
Evènement Précision Date % Correct
Trois Glorieuses Jours, mois et année 27-29 juillet 1830
83%
Début du règne de Nicolas Ier en Russie Année 1825
56%
Premier soulèvement grec contre les Turcs Mois et année Mars 1821
56%
Fondation à Odessa de l'Hétairie des Amis par Alexandre Ypsilentis Année 1814
50%
Quatre Ordonnances de Charles X Jour, mois et année 26 juillet 1830
39%
Louis-Philippe d'Orléans devient Roi des Français Jour, mois et année 31 juillet 1830
39%
Massacre de Chios Mois et année Avril 1822
39%
Mort de Lord Byron à Missolonghi Année 1824
33%
Naissance de Giovine Italia Année 1831
33%
Naissance de Giovine Europa Année 1834
33%
Elections législatives, victoire libérale Jour, mois et année 23 juin 1830
33%
Début de la révolution belge Jour, mois et année 25 août 1830
33%
Constitution belge Jour, mois et année 7 février 1831
33%
Dissolution de la Chambre des députés suite à l'adresse des 221 Jour, mois et année 16 mai 1830
28%
Expédition d'Alger Jour, mois et année 25 mai 1830
28%
Proclamation de l'indépendance belge par l'Assemblée Nationale Constituante Jour, mois et année 4 octobre 1830
28%
Proclamation de l'indépendance grecque par une assemblée à Epidaure Jour, mois et année 12 janvier 1822
22%
Deuxième traité (protocole) de Londres, indépendance grecque Jour, mois et année 3 février 1830
22%
Premier traité de Londres sur la question grecque Jour, mois et année 6 juillet 1827
22%
Adresse des 221 Jour, mois et année 18 mars 1830
17%
Léopold de Saxe devient Roi des Belges Jour, mois et année 21 juillet 1831
17%
Insurrection des cadets polonais à Varsovie Jour, mois et année 29 novembre 1830
17%
Début du ministère de Jules de Polignac Jour, mois et année 8 août 1829
17%
Protocole de Londres, reconnaissance britannique de la Belgique Jour, mois et année 20 janvier 1831
11%
Victoire franco-russo-britannique sur les Ottomans à Navarin Jour, mois et année 20 octobre 1827
11%
Traité d'Andrinople, reconnaissance d'une autonomie grecque Jour, mois et année 20 septembre 1829
11%
Proclamation de l'indépendance polonaise sous Czartoryski Jour, mois et année 25 janvier 1831
11%
Fête de la Hambach, manifestation pour l'unité allemande et les libertés Jours, mois et année 27-30 mai 1832
11%
Création d'un gouvernement polonais Jour, mois et année 29 janvier 1831
11%
Fin des combats après la défaite polonaise Jour, mois et année 5 octobre 1831
11%
Prise de Varsovie par les Russes Jour, mois et année 8 septembre 1831
11%
Aucun quiz correspondant
Distribution des résultats
% des personnes avec chaque résultat
Percentile par nombre de réponses
Votre historique - résultats
Vous n’avez pas pris ce quiz